[Event "Avoine op 25th"]
[Site "Avoine"]
[Date "2010.07.18"]
[Round "2"]
[White "Laurent, Michel"]
[Black "Frick, Christoph"]
[Result "0-1"]
[WhiteElo "2054"]
[BlackElo "2224"]
[PlyCount "102"]
[EventDate "2010.07.??"]
[EventType "swiss"]
[EventRounds "9"]
[EventCountry "FRA"]
[Source "Mark Crowther"]
[SourceDate "2010.08.02"]
[WhiteTeamCountry "FRA"]
[BlackTeamCountry "FRA"]

1. d4 g6 2. e4 Bg7 3. g3 d5 4. e5 c5 5. c3 Nc6 6. Be3 Nh6 7. Qd2 Nf5 8. Bg2
Nxe3 9. fxe3 O-O 10. Ne2 Bf5 11. O-O Qb6 12. Kh1 Rad8 13. Na3 Be4 14. Nf4 Bxg2+
15. Qxg2 e6 16. Nd3 c4 17. Nf4 Qa6 18. Nc2 b5 19. Qh3 Ne7 20. g4 Qb7 21. Qg2 a5
22. Ne1 b4 23. Nf3 Rb8 24. Rf2 a4 25. Raf1 a3 26. bxa3 bxc3 27. Ne1 Qa6 28. Nc2
Rb2 29. h4 h6 30. Nh3 Qa4 31. Rc1 Rxa2 32. Qg3 Rb2 33. Qg2 Qb3 34. Ng1 Rb1 35.
Rxb1 Qxb1 36. Kh2 Nc6 37. Nf3 Rb8 38. Rf1 Qb7 39. Nfe1 Qe7 40. Kh3 Rb2 41. Qg3
Na5 42. Qf3 Nb3 43. Qd1 Nd2 44. Rf2 Qb7 45. Nb4 Bf8 46. Nec2 Qa7 47. Nc6 Qa4
48. Nd8 Qxc2 49. Qxc2 Rxc2 50. Rxf7 Rb2 51. Rf6 Be7 0-1

[Event "Avoine op 25th"]
[Site "Avoine"]
[Date "2010.07.18"]
[Round "2"]
[White "Fomichenko, Svetlana"]
[Black "Deslias, Gregoire"]
[Result "1-0"]
[WhiteElo "2217"]
[BlackElo "1942"]
[PlyCount "71"]
[EventDate "2010.07.??"]
[EventType "swiss"]
[EventRounds "9"]
[EventCountry "FRA"]
[Source "Mark Crowther"]
[SourceDate "2010.08.02"]
[WhiteTeamCountry "FRA"]
[BlackTeamCountry "FRA"]

1. e4 e5 2. Nf3 Nc6 3. d4 exd4 4. Bc4 Bc5 5. Ng5 Nh6 6. Nxf7 Nxf7 7. Bxf7+ Kxf7
8. Qh5+ g6 9. Qxc5 d5 10. e5 Re8 11. Bf4 Qh4 12. Qxd5+ Be6 13. Qf3 Bg4 14. Qb3+
Be6 15. Qg3 Qxg3 16. hxg3 h5 17. O-O Bf5 18. Na3 Nxe5 19. Nb5 Rad8 20. Nxc7 Re7
21. Bg5 Bxc2 22. Rfe1 Nc6 23. Bxe7 Nxe7 24. Ne6 Rd6 25. Ng5+ Ke8 26. Ne4 Rb6
27. b3 Kd7 28. Nd2 Nd5 29. Re5 Nc3 30. Rae1 Rf6 31. Rc5 b6 32. Rc4 Rd6 33. Nf3
d3 34. Rxc3 d2 35. Rxc2 dxe1=Q+ 36. Nxe1 1-0

[Event "Avoine op 25th"]
[Site "Avoine"]
[Date "2010.07.18"]
[Round "2"]
[White "Duboue, Peio"]
[Black "Crouan, Stephane"]
[Result "0-1"]
[WhiteElo "2018"]
[BlackElo "2216"]
[PlyCount "108"]
[EventDate "2010.07.??"]
[EventType "swiss"]
[EventRounds "9"]
[EventCountry "FRA"]
[Source "Mark Crowther"]
[SourceDate "2010.08.02"]
[WhiteTeamCountry "FRA"]
[BlackTeamCountry "FRA"]

1. e4 c5 2. Nf3 d6 3. d4 cxd4 4. Nxd4 Nf6 5. Nc3 a6 6. Be3 Ng4 7. Bg5 h6 8. Bh4
g5 9. Bg3 Bg7 10. h3 Nf6 11. Qd2 Nc6 12. Nxc6 bxc6 13. Be2 Qa5 14. Bf3 Nd7 15.
Nd1 Qxd2+ 16. Kxd2 Ne5 17. Be2 f5 18. exf5 Bxf5 19. Ne3 Be6 20. c3 a5 21. h4
Rb8 22. Kc2 Bf7 23. Bxe5 Bxe5 24. Nc4 Bxc4 25. Bxc4 d5 26. Bd3 Kd7 27. Rae1 Kd6
28. Re2 Bf6 29. hxg5 hxg5 30. Rxh8 Rxh8 31. f3 c5 32. b3 a4 33. c4 e6 34. bxa4
Rb8 35. cxd5 exd5 36. Bb5 c4 37. Re8 Rb6 38. Rf8 Kc5 39. Rc8+ Kb4 40. Rc6 Rxc6
41. Bxc6 d4 42. Be4 Be5 43. Bf5 Kxa4 44. Be6 d3+ 45. Kd2 Kb4 46. a3+ Kb3 47.
Bf7 Bf4+ 48. Kd1 Kc3 49. Be6 Kd4 50. a4 Bc7 51. Bf7 c3 52. Bb3 Ke3 53. Kc1 Ke2
54. Bd1+ Ke1 0-1

[Event "Avoine op 25th"]
[Site "Avoine"]
[Date "2010.07.18"]
[Round "2"]
[White "Le Borgne, Pierre"]
[Black "Potaux, Olivier"]
[Result "1-0"]
[WhiteElo "2216"]
[BlackElo "1918"]
[PlyCount "59"]
[EventDate "2010.07.??"]
[EventType "swiss"]
[EventRounds "9"]
[EventCountry "FRA"]
[Source "Mark Crowther"]
[SourceDate "2010.08.02"]
[WhiteTeamCountry "FRA"]
[BlackTeamCountry "FRA"]

1. e4 d5 2. exd5 Qxd5 3. Nc3 Qa5 4. d4 Nf6 5. Bc4 c6 6. Bd2 Qb6 7. Qe2 Bg4 8.
f3 Bf5 9. O-O-O h5 10. Bf4 e6 11. d5 cxd5 12. Nxd5 Nxd5 13. Rxd5 Be7 14. Rb5
Qd8 15. Rxb7 O-O 16. g4 Bg5 17. Nh3 Bxf4+ 18. Nxf4 Qg5 19. Qe3 hxg4 20. fxg4
Qxg4 21. Rg1 Qh4 22. Bxe6 Bh7 23. Bxf7+ Kh8 24. Qg3 Qxg3 25. hxg3 Be4 26. Ng6+
Bxg6 27. Bxg6 Rf6 28. Rh1+ Kg8 29. Bh7+ Kf8 30. Be4 1-0

[Event "Avoine op 25th"]
[Site "Avoine"]
[Date "2010.07.19"]
[Round "3"]
[White "Godart, Francois"]
[Black "Inkiov, Ventzislav"]
[Result "1/2-1/2"]
[WhiteElo "2240"]
[BlackElo "2474"]
[PlyCount "91"]
[EventDate "2010.07.??"]
[EventType "swiss"]
[EventRounds "9"]
[EventCountry "FRA"]
[Source "Mark Crowther"]
[SourceDate "2010.08.02"]
[WhiteTeamCountry "FRA"]
[BlackTeamCountry "FRA"]

1. d4 Nf6 2. c4 e6 3. Nf3 Bb4+ 4. Nbd2 b6 5. a3 Bxd2+ 6. Qxd2 Bb7 7. e3 Ne4 8.
Qc2 f5 9. b4 O-O 10. Bb2 a5 11. b5 d6 12. Bd3 Nd7 13. O-O e5 14. d5 Ndf6 15.
Nd2 Nxd2 16. Qxd2 Bc8 17. f4 e4 18. Be2 Nd7 19. Bd4 Nc5 20. Bxc5 dxc5 21. Rad1
Rf6 22. Qc3 Qf8 23. Qe5 Rd6 24. g3 Bd7 25. a4 Re8 26. Qc3 h6 27. h4 Re7 28. Kf2
g5 29. hxg5 hxg5 30. Rh1 Qg7 31. Qxg7+ Rxg7 32. Rdg1 Rdg6 33. Bh5 Rf6 34. Be2
Kf8 35. Rh8+ Ke7 36. Rgh1 gxf4 37. gxf4 Rfg6 38. R8h7 Rg2+ 39. Kf1 Rg1+ 40.
Rxg1 Rxh7 41. Kg2 Be8 42. Rh1 Rxh1 43. Kxh1 Bf7 44. Kg2 Kd6 45. Kf2 Ke7 46. Kg3
1/2-1/2

[Event "Avoine op 25th"]
[Site "Avoine"]
[Date "2010.07.19"]
[Round "3"]
[White "Doncea, Vladimir"]
[Black "Stephan, Victor"]
[Result "1-0"]
[WhiteElo "2474"]
[BlackElo "2234"]
[PlyCount "57"]
[EventDate "2010.07.??"]
[EventType "swiss"]
[EventRounds "9"]
[EventCountry "FRA"]
[Source "Mark Crowther"]
[SourceDate "2010.08.02"]
[WhiteTeamCountry "FRA"]
[BlackTeamCountry "FRA"]

1. d4 Nf6 2. c4 c5 3. d5 b5 4. cxb5 a6 5. bxa6 g6 6. Nc3 Bxa6 7. Nf3 Bg7 8. e4
Bxf1 9. Kxf1 d6 10. g3 O-O 11. Kg2 Nbd7 12. h3 Ra6 13. Re1 Nb6 14. Bf4 Qa8 15.
Qc2 Na4 16. Re2 Nh5 17. Bc1 f5 18. Ng5 Nxc3 19. bxc3 fxe4 20. Qxe4 Be5 21. Ne6
Ra4 22. Qd3 Rf7 23. Rb1 c4 24. Qd1 h6 25. Bxh6 Rf6 26. Nc7 Qa5 27. Qc2 Ra3 28.
Nb5 Ra4 29. Nc7 1-0

[Event "Avoine op 25th"]
[Site "Avoine"]
[Date "2010.07.19"]
[Round "3"]
[White "Fomichenko, Eduard"]
[Black "Frick, Christoph"]
[Result "1-0"]
[WhiteElo "2458"]
[BlackElo "2224"]
[PlyCount "129"]
[EventDate "2010.07.??"]
[EventType "swiss"]
[EventRounds "9"]
[EventCountry "FRA"]
[Source "Mark Crowther"]
[SourceDate "2010.08.02"]
[WhiteTeamCountry "FRA"]
[BlackTeamCountry "FRA"]

1. d4 g6 2. c4 Bg7 3. e4 d6 4. Nc3 Nc6 5. d5 Ne5 6. Be2 Nf6 7. Nf3 Nxf3+ 8.
Bxf3 O-O 9. Be3 e5 10. O-O Ne8 11. Be2 f5 12. exf5 Bxf5 13. c5 dxc5 14. Bxc5
Nd6 15. Qb3 Rf7 16. a4 a6 17. a5 Qg5 18. Be3 Qe7 19. Na4 Re8 20. Nc5 Bc8 21.
Ra4 e4 22. Bd1 Qh4 23. Ne6 Bxe6 24. dxe6 Rf5 25. Bd4 Bxd4 26. Rxd4 Qf6 27. Rd5
Kg7 28. Bg4 Rxd5 29. Qxd5 Qxb2 30. h4 Qf6 31. g3 Re7 32. Re1 h6 33. Qc5 h5 34.
Bh3 Kh6 35. Rd1 Kg7 36. Rd5 Kf8 37. Qc1 Kg7 38. Rc5 Ne8 39. Rg5 Nd6 40. Rc5 Ne8
41. Rg5 Nd6 42. Qc5 Kh7 43. Re5 Kh8 44. Qd5 Re8 45. Bg2 Rf8 46. Qd4 Kg8 47.
Bxe4 Nxe4 48. e7 Re8 49. Qxe4 Kg7 50. Re6 Qf5 51. Qd4+ Kf7 52. Re4 Kg8 53. Qc4+
Kg7 54. Qc3+ Kg8 55. Qb3+ Qf7 56. Qxb7 Rxe7 57. Rxe7 Qxe7 58. Qxa6 Qe1+ 59. Kg2
Qe4+ 60. Kh2 Qc2 61. Qc8+ Kf7 62. Qd7+ Kf8 63. Qd4 c5 64. Qf6+ Kg8 65. a6 1-0

[Event "Avoine op 25th"]
[Site "Avoine"]
[Date "2010.07.19"]
[Round "3"]
[White "Crouan, Stephane"]
[Black "Tirard, Hugo"]
[Result "0-1"]
[WhiteElo "2216"]
[BlackElo "2443"]
[PlyCount "44"]
[EventDate "2010.07.??"]
[EventType "swiss"]
[EventRounds "9"]
[EventCountry "FRA"]
[Source "Mark Crowther"]
[SourceDate "2010.08.02"]
[WhiteTeamCountry "FRA"]
[BlackTeamCountry "FRA"]

1. e4 c5 2. Nf3 Nc6 3. d4 cxd4 4. Nxd4 Nf6 5. Nc3 e5 6. Ndb5 d6 7. Bg5 a6 8.
Na3 b5 9. Bxf6 gxf6 10. Nd5 Bg7 11. c3 f5 12. Bd3 Ne7 13. Nxe7 Qxe7 14. O-O Qg5
15. exf5 Bb7 16. g3 h5 17. Qe2 h4 18. Bxb5+ Ke7 19. Bc4 hxg3 20. fxg3 Rxh2 21.
f6+ Bxf6 22. Qxh2 Rh8 0-1

[Event "Avoine op 25th"]
[Site "Avoine"]
[Date "2010.07.19"]
[Round "3"]
[White "Duhayon, Yves"]
[Black "Payen, Arnaud"]
[Result "1/2-1/2"]
[WhiteElo "2211"]
[BlackElo "2372"]
[PlyCount "88"]
[EventDate "2010.07.??"]
[EventType "swiss"]
[EventRounds "9"]
[EventCountry "FRA"]
[Source "Mark Crowther"]
[SourceDate "2010.08.02"]
[WhiteTeamCountry "FRA"]
[BlackTeamCountry "FRA"]

1. d4 g6 2. c4 Bg7 3. e4 c5 4. d5 d6 5. Nf3 e6 6. Bd3 Ne7 7. O-O a6 8. Nc3 O-O
9. dxe6 Bxe6 10. h3 Nbc6 11. Re1 h6 12. Be3 Kh7 13. Qd2 Qa5 14. Nd5 Qxd2 15.
Bxd2 Rab8 16. Rab1 b5 17. b3 Rb7 18. Rbd1 Rfb8 19. Bf4 Ne5 20. Bxe5 dxe5 21.
Nxe7 Rxe7 22. Bf1 Rd7 23. Rxd7 Bxd7 24. cxb5 axb5 25. Rc1 Rc8 26. Nd2 Bf8 27.
Nb1 Bc6 28. Nc3 b4 29. Nd5 Bxd5 30. exd5 f5 31. Bc4 Kg7 32. Kf1 Kf6 33. Ke2 h5
34. Rc2 h4 35. Bb5 Rd8 36. Bc6 Bd6 37. Kd3 e4+ 38. Kc4 f4 39. Re2 Ke5 40. f3 e3
41. Kd3 Be7 42. Rc2 Bd6 43. Rc4 Kf5 44. Ke2 Kf6 1/2-1/2

[Event "Avoine op 25th"]
[Site "Avoine"]
[Date "2010.07.19"]
[Round "3"]
[White "Plachetka, Jan"]
[Black "Fomichenko, Svetlana"]
[Result "1-0"]
[WhiteElo "2351"]
[BlackElo "2217"]
[PlyCount "40"]
[EventDate "2010.07.??"]
[EventType "swiss"]
[EventRounds "9"]
[EventCountry "FRA"]
[Source "Mark Crowther"]
[SourceDate "2010.08.02"]
[WhiteTeamCountry "FRA"]
[BlackTeamCountry "FRA"]

1. d4 f5 2. g3 Nf6 3. Bg2 e6 4. Nd2 Be7 5. Nh3 O-O 6. O-O Nc6 7. c3 d5 8. Nf3
Ng4 9. Nf4 Qe8 10. h3 Nh6 11. Nd3 Nf7 12. Nf4 Bd6 13. Nd2 Kh8 14. e3 Bd7 15. c4
dxc4 16. Nxc4 Ncd8 17. Qc2 Bxf4 18. gxf4 Nd6 19. Qc3 Ne4 20. Qa3 a6 1-0

[Event "Avoine op 25th"]
[Site "Avoine"]
[Date "2010.07.19"]
[Round "3"]
[White "Bonnaud, Remy"]
[Black "Rabineau, Clement"]
[Result "0-1"]
[WhiteElo "2183"]
[BlackElo "2305"]
[PlyCount "72"]
[EventDate "2010.07.??"]
[EventType "swiss"]
[EventRounds "9"]
[EventCountry "FRA"]
[Source "Mark Crowther"]
[SourceDate "2010.08.02"]
[WhiteTeamCountry "FRA"]
[BlackTeamCountry "FRA"]

1. d4 g6 2. Nf3 Bg7 3. g3 d6 4. Bg2 f5 5. O-O Nf6 6. c3 O-O 7. Qb3+ Kh8 8. Ng5
d5 9. Bf4 Nc6 10. Nd2 h6 11. Ngf3 Ne4 12. h4 Kh7 13. a4 e6 14. a5 Bf6 15. Rfd1
g5 16. hxg5 hxg5 17. Be5 Nxe5 18. Nxe5 Nxd2 19. Rxd2 Bxe5 20. dxe5 Qe7 21. c4
c6 22. Qc3 Bd7 23. f4 Kg6 24. Kf2 Rh8 25. Rdd1 Rh2 26. b4 Rah8 27. cxd5 cxd5
28. Rh1 Bc6 29. Rxh2 Rxh2 30. Qd4 gxf4 31. gxf4 Qh4+ 32. Kg1 Qg3 33. Qf2 Qxf2+
34. Kxf2 d4 35. Rg1 Kh5 36. b5 Rxg2+ 0-1

[Event "Avoine op 25th"]
[Site "Avoine"]
[Date "2010.07.19"]
[Round "3"]
[White "Ollier, Pablo"]
[Black "Le Borgne, Pierre"]
[Result "1/2-1/2"]
[WhiteElo "2293"]
[BlackElo "2216"]
[PlyCount "44"]
[EventDate "2010.07.??"]
[EventType "swiss"]
[EventRounds "9"]
[EventCountry "FRA"]
[Source "Mark Crowther"]
[SourceDate "2010.08.02"]
[WhiteTeamCountry "FRA"]
[BlackTeamCountry "FRA"]

1. d4 Nf6 2. c4 e6 3. Nc3 Bb4 4. e3 c5 5. Bd3 d5 6. a3 cxd4 7. exd4 Bxc3+ 8.
bxc3 dxc4 9. Bxc4 Qc7 10. Qd3 Nc6 11. Nf3 Bd7 12. Ba2 Rc8 13. Bg5 Na5 14. Rc1
Nc4 15. O-O Nd5 16. Rfe1 f6 17. Nd2 b5 18. Nxc4 bxc4 19. Qe4 O-O 20. Bd2 Qd6
21. Qe2 Qa6 22. h4 Rc7 1/2-1/2

[Event "Avoine op 25th"]
[Site "Avoine"]
[Date "2010.07.19"]
[Round "3"]
[White "Dube, Dimitri"]
[Black "Chanoine, Guillaume"]
[Result "0-1"]
[WhiteElo "2093"]
[BlackElo "2276"]
[PlyCount "62"]
[EventDate "2010.07.??"]
[EventType "swiss"]
[EventRounds "9"]
[EventCountry "FRA"]
[Source "Mark Crowther"]
[SourceDate "2010.08.02"]
[WhiteTeamCountry "FRA"]
[BlackTeamCountry "FRA"]

1. c3 f5 2. d4 Nf6 3. Bg5 b6 4. Nd2 Bb7 5. Ngf3 e6 6. e3 Be7 7. Bd3 Ne4 8. Bxe7
Qxe7 9. O-O O-O 10. Qc2 d5 11. Ne5 Nd7 12. f4 Ndf6 13. Ndf3 c5 14. Ng5 Nxg5 15.
fxg5 Nd7 16. Nxd7 Qxd7 17. g4 g6 18. Rf4 Qe7 19. Qf2 Qxg5 20. h4 Qe7 21. Be2
fxg4 22. Bxg4 e5 23. dxe5 Qxe5 24. Rf1 Rxf4 25. exf4 Qf6 26. h5 gxh5 27. Bxh5
Kh8 28. Kh2 d4 29. cxd4 cxd4 30. Rd1 Rd8 31. Rd3 Be4 0-1

[Event "Avoine op 25th"]
[Site "Avoine"]
[Date "2010.07.19"]
[Round "3"]
[White "Lukasiewicz, Grzegorz"]
[Black "Suez Panama, Gilles"]
[Result "1/2-1/2"]
[WhiteElo "2264"]
[BlackElo "2081"]
[PlyCount "67"]
[EventDate "2010.07.??"]
[EventType "swiss"]
[EventRounds "9"]
[EventCountry "FRA"]
[Source "Mark Crowther"]
[SourceDate "2010.08.02"]
[WhiteTeamCountry "FRA"]
[BlackTeamCountry "FRA"]

1. d4 Nf6 2. Nf3 g6 3. c3 Bg7 4. Bg5 d6 5. e3 c6 6. Bc4 b5 7. Be2 Bb7 8. a4 a6
9. O-O Nbd7 10. Nbd2 O-O 11. Bh4 Qc7 12. Qc2 Rac8 13. Rfd1 e5 14. dxe5 dxe5 15.
Bg3 Nh5 16. Ne4 Nxg3 17. hxg3 Rcd8 18. Rd2 Nb6 19. Nc5 Rxd2 20. Nxd2 Bc8 21.
Bf3 Rd8 22. axb5 axb5 23. b4 Bf5 24. e4 Bc8 25. Be2 Bh6 26. Ndb3 Qe7 27. Bd3
Rd6 28. Na5 Kg7 29. Qe2 Qg5 30. Nab7 Bxb7 31. Nxb7 Rd7 32. Nc5 Rd6 33. Nb7 Rd7
34. Nc5 1/2-1/2

[Event "Avoine op 25th"]
[Site "Avoine"]
[Date "2010.07.19"]
[Round "3"]
[White "Bonn, Thomas"]
[Black "Le Goff, Ronan"]
[Result "1/2-1/2"]
[WhiteElo "2250"]
[BlackElo "1961"]
[PlyCount "57"]
[EventDate "2010.07.??"]
[EventType "swiss"]
[EventRounds "9"]
[EventCountry "FRA"]
[Source "Mark Crowther"]
[SourceDate "2010.08.02"]
[WhiteTeamCountry "FRA"]
[BlackTeamCountry "FRA"]

1. e4 e5 2. Nf3 Nc6 3. Bb5 a6 4. Ba4 Nf6 5. O-O b5 6. Bb3 Be7 7. d4 d6 8. dxe5
dxe5 9. Qxd8+ Bxd8 10. Nc3 Bg4 11. Be3 O-O 12. Bc5 Re8 13. Ng5 Be6 14. Nxe6
fxe6 15. f3 Nd7 16. Be3 Nd4 17. a4 Rb8 18. axb5 axb5 19. Rfd1 c6 20. Kf1 Bb6
21. Bf2 Nc5 22. Bxd4 exd4 23. Ne2 Nxb3 24. cxb3 e5 25. b4 Ra8 26. Rxa8 Rxa8 27.
Nc1 Kf7 28. Ke2 Ke6 29. Nd3 1/2-1/2

[Event "Avoine op 25th"]
[Site "Avoine"]
[Date "2010.07.19"]
[Round "3"]
[White "Terrieux, Kevin"]
[Black "Aumont, Alexandre"]
[Result "1-0"]
[WhiteElo "2437"]
[BlackElo "1898"]
[PlyCount "137"]
[EventDate "2010.07.??"]
[EventType "swiss"]
[EventRounds "9"]
[EventCountry "FRA"]
[Source "Mark Crowther"]
[SourceDate "2010.08.02"]
[WhiteTeamCountry "FRA"]
[BlackTeamCountry "FRA"]

1. d4 f5 2. e4 fxe4 3. Nc3 Nf6 4. Bg5 Nc6 5. d5 Ne5 6. Qd4 Nf7 7. h4 e5 8. dxe6
dxe6 9. Bxf6 Qxf6 10. Qxe4 Nd6 11. Qg4 Bd7 12. Nf3 O-O-O 13. O-O-O g6 14. Kb1
h5 15. Qg5 Qxg5 16. Nxg5 Be7 17. Bd3 Rhg8 18. f4 Bf6 19. Rhe1 Rde8 20. Nce4
Nxe4 21. Bxe4 Bxg5 22. hxg5 Bc6 23. Bxc6 bxc6 24. c3 Rgf8 25. Rd4 Rf5 26. Rde4
Kd7 27. g3 Rd5 28. Kc2 c5 29. Ra4 Ra8 30. Ra6 Rd6 31. Ra5 Rc6 32. c4 a6 33. Re5
Kd6 34. Ra3 Rh8 35. Rae3 Kd7 36. Re1 Rd8 37. Rh1 Ke7 38. Rh2 Rd4 39. b3 Rd8 40.
Rhe2 Kf7 41. Rd2 Rxd2+ 42. Kxd2 Ke7 43. Ke2 Kd6 44. Kf3 a5 45. g4 hxg4+ 46.
Kxg4 Ra6 47. Re3 a4 48. Rh3 axb3 49. axb3 Ra8 50. Rh6 Rg8 51. Kf3 Rg7 52. Ke4
c6 53. Rh8 Rb7 54. Rh3 Rd7 55. Rh6 Rg7 56. Rh8 Rb7 57. Rg8 Rxb3 58. Rxg6 Rc3
59. f5 Rxc4+ 60. Kd3 Rf4 61. f6 e5 62. Rg8 c4+ 63. Ke3 c3 64. Kd3 c2 65. Kxc2
Ke6 66. Rg7 Rf3 67. Kd2 c5 68. Ke2 e4 69. Rc7 1-0

[Event "Avoine op 25th"]
[Site "Avoine"]
[Date "2010.07.19"]
[Round "3"]
[White "Saatdjian, Thomas"]
[Black "Voss, Chantal"]
[Result "1-0"]
[WhiteElo "2369"]
[BlackElo "1881"]
[PlyCount "107"]
[EventDate "2010.07.??"]
[EventType "swiss"]
[EventRounds "9"]
[EventCountry "FRA"]
[Source "Mark Crowther"]
[SourceDate "2010.08.02"]
[WhiteTeamCountry "FRA"]
[BlackTeamCountry "FRA"]

1. Nf3 Nf6 2. c4 e6 3. g3 d5 4. Bg2 Be7 5. b3 c5 6. cxd5 exd5 7. d4 Nc6 8. O-O
O-O 9. Bb2 Ne4 10. dxc5 Bf6 11. Qc1 Qe7 12. Nbd2 Bxb2 13. Qxb2 Qxc5 14. Rac1
Qb4 15. Rfd1 f5 16. e3 Qe7 17. Nb1 Be6 18. Nc3 Rad8 19. Ne2 Bf7 20. Ned4 Qf6
21. Qa1 Bh5 22. Nxc6 bxc6 23. Qxf6 Rxf6 24. Rd4 Bxf3 25. Bxf3 Kf7 26. Ra4 Rd7
27. Ra6 Rc7 28. Rc2 Ke7 29. Be2 Kd7 30. f3 Nd6 31. Kf2 g5 32. Ra4 Rf7 33. Rc1
Ke6 34. Bd3 Rf6 35. Ke2 h5 36. h3 Nf7 37. Rh1 Nd6 38. g4 h4 39. Rg1 Rg7 40. Ra6
fxg4 41. Rxg4 Rgf7 42. Rxg5 Rxf3 43. Rxc6 R7f6 44. Ra6 Rxh3 45. Rxa7 Rh2+ 46.
Ke1 h3 47. Rh5 Nf7 48. e4 d4 49. Bc4+ Kd6 50. Rxf7 Rg6 51. e5+ Kc5 52. e6+ Kb4
53. e7 Rg1+ 54. Rf1 1-0

[Event "Avoine op 25th"]
[Site "Avoine"]
[Date "2010.07.19"]
[Round "3"]
[White "Le Franc, Yves"]
[Black "Dieu, Bruno"]
[Result "0-1"]
[WhiteElo "1960"]
[BlackElo "2296"]
[PlyCount "102"]
[EventDate "2010.07.??"]
[EventType "swiss"]
[EventRounds "9"]
[EventCountry "FRA"]
[Source "Mark Crowther"]
[SourceDate "2010.08.02"]
[WhiteTeamCountry "FRA"]
[BlackTeamCountry "FRA"]

1. e4 e6 2. d3 d5 3. Nd2 Nf6 4. g3 Bc5 5. Bg2 dxe4 6. Nxe4 Nxe4 7. Bxe4 Nc6 8.
c3 e5 9. Be3 Bxe3 10. fxe3 O-O 11. Bg2 Qe7 12. Ne2 Bg4 13. Qd2 Rad8 14. O-O-O
Na5 15. Qe1 Qc5 16. Qf2 Qb6 17. h3 Be6 18. Kb1 Qa6 19. Nc1 c5 20. Rhe1 f5 21.
Qe2 b5 22. g4 Nb7 23. gxf5 Bxf5 24. Bxb7 Qxb7 25. e4 Be6 26. Qe3 Qc7 27. Rg1
Rf6 28. Rg5 h6 29. Rg3 Rdf8 30. Rdg1 R8f7 31. h4 h5 32. Rg6 Bg4 33. Rxf6 Rxf6
34. Qg5 Qd6 35. Qe3 Rf3 36. Qg5 a5 37. Re1 a4 38. Qd2 b4 39. cxb4 cxb4 40. Qc2
a3 41. Re2 Kh7 42. Rf2 Rh3 43. Rh2 Re3 44. Qd2 Qd4 45. Qc2 Re1 46. Rd2 Rh1 47.
Rh2 Rf1 48. Rd2 Bd1 49. Qc8 Ba4 50. Qc4 Qe3 51. Rg2 Bb5 0-1

[Event "Avoine op 25th"]
[Site "Avoine"]
[Date "2010.07.19"]
[Round "3"]
[White "Monpeurt, Cyrielle"]
[Black "Giua, Frederic"]
[Result "1-0"]
[WhiteElo "1893"]
[BlackElo "2241"]
[PlyCount "53"]
[EventDate "2010.07.??"]
[EventType "swiss"]
[EventRounds "9"]
[EventCountry "FRA"]
[Source "Mark Crowther"]
[SourceDate "2010.08.02"]
[WhiteTeamCountry "FRA"]
[BlackTeamCountry "FRA"]

1. e4 c5 2. Nf3 g6 3. d4 Bg7 4. Nc3 cxd4 5. Nxd4 Nc6 6. Be3 Nf6 7. Nxc6 bxc6 8.
e5 Ng8 9. f4 d6 10. Bd4 d5 11. e6 f6 12. f5 Qd6 13. Bd3 gxf5 14. Qh5+ Kd8 15.
O-O Nh6 16. Be3 Ng4 17. Bf4 Qc5+ 18. Kh1 Bxe6 19. Bg3 Ne3 20. Rfe1 d4 21. Rxe3
dxe3 22. Rd1 Bd5 23. Bxf5 e5 24. Nxd5 e2 25. Rd2 Qd6 26. Qf7 Bh6 27. Nf4 1-0

[Event "Avoine op 25th"]
[Site "Avoine"]
[Date "2010.07.19"]
[Round "3"]
[White "Julien, Clement"]
[Black "Cau, Benjamin"]
[Result "0-1"]
[WhiteElo "1868"]
[BlackElo "2172"]
[PlyCount "62"]
[EventDate "2010.07.??"]
[EventType "swiss"]
[EventRounds "9"]
[EventCountry "FRA"]
[Source "Mark Crowther"]
[SourceDate "2010.08.02"]
[WhiteTeamCountry "FRA"]
[BlackTeamCountry "FRA"]

1. e4 c6 2. d4 d5 3. e5 Bf5 4. g4 Bd7 5. Bg2 e6 6. Nf3 c5 7. O-O Nc6 8. c4 Nge7
9. dxc5 dxc4 10. Na3 Nd5 11. Nxc4 Bxc5 12. Ng5 f6 13. Ne4 Bd4 14. exf6 O-O 15.
fxg7 Kxg7 16. Bg5 Qc7 17. Ng3 b5 18. Bxd5 exd5 19. Ne3 Qe5 20. Nef5+ Bxf5 21.
Nxf5+ Rxf5 22. gxf5 Qxf5 23. Qh5 Kh8 24. h4 Ne5 25. Kg2 Rf8 26. Qe2 Nf3 27. Rh1
Nxg5 28. hxg5 Qxg5+ 29. Kf1 Qg3 30. Ke1 Rxf2 31. Qe8+ Rf8+ 0-1

[Event "Avoine op 25th"]
[Site "Avoine"]
[Date "2010.07.19"]
[Round "3"]
[White "Baroudel, Hadrien"]
[Black "Ribeiro, Romain"]
[Result "0-1"]
[WhiteElo "1852"]
[BlackElo "2159"]
[PlyCount "50"]
[EventDate "2010.07.??"]
[EventType "swiss"]
[EventRounds "9"]
[EventCountry "FRA"]
[Source "Mark Crowther"]
[SourceDate "2010.08.02"]
[WhiteTeamCountry "FRA"]
[BlackTeamCountry "FRA"]

1. d4 Nf6 2. c4 e6 3. Nc3 Bb4 4. Qc2 Nc6 5. Nf3 Qe7 6. a3 Bxc3+ 7. bxc3 e5 8.
Bg5 d6 9. g3 h6 10. Bxf6 Qxf6 11. d5 Nb8 12. Bg2 O-O 13. O-O Na6 14. Nd2 Bd7
15. f4 Nc5 16. Rac1 exf4 17. gxf4 Rfe8 18. Ne4 Nxe4 19. Bxe4 Re7 20. Bg2 Re3
21. Qd2 Rae8 22. Qd4 Qg6 23. Rf2 Rxe2 24. Kf1 Rxf2+ 25. Kxf2 Qh5 0-1

[Event "Avoine op 25th"]
[Site "Avoine"]
[Date "2010.07.19"]
[Round "3"]
[White "Maloberti, David"]
[Black "Robert, Thierry"]
[Result "1-0"]
[WhiteElo "2136"]
[BlackElo "1765"]
[PlyCount "87"]
[EventDate "2010.07.??"]
[EventType "swiss"]
[EventRounds "9"]
[EventCountry "FRA"]
[Source "Mark Crowther"]
[SourceDate "2010.08.02"]
[WhiteTeamCountry "FRA"]
[BlackTeamCountry "FRA"]

1. d4 Nf6 2. c4 e5 3. dxe5 Ne4 4. Nf3 Bb4+ 5. Nbd2 Nc6 6. a3 Bxd2+ 7. Bxd2 Nxd2
8. Qxd2 Qe7 9. Qf4 b6 10. e3 Bb7 11. Be2 O-O-O 12. O-O Rhe8 13. b4 Nxe5 14. c5
Nxf3+ 15. Bxf3 g5 16. Bxb7+ Kxb7 17. Qf5 h5 18. Rfc1 f6 19. a4 Qe5 20. Qd3 Re6
21. a5 Qe4 22. Qe2 Ra8 23. axb6 axb6 24. Rxa8 Kxa8 25. Qb5 Qc6 26. Qa6+ Kb8 27.
Qd3 Re5 28. Qc4 Qd5 29. Qa6 Qb7 30. Qc4 Qd5 31. Qc3 bxc5 32. bxc5 Kc8 33. h3
Kd8 34. Qb4 Qc6 35. Qc4 Qd5 36. Qc2 Qe4 37. Qb3 Qc6 38. Qg8+ Re8 39. Qf7 Rh8
40. Ra1 Kc8 41. Ra5 h4 42. Qa2 Kb8 43. Ra6 Qb7 44. c6 1-0

[Event "Avoine op 25th"]
[Site "Avoine"]
[Date "2010.07.19"]
[Round "3"]
[White "Carvallo, Henri"]
[Black "Dutreuil, Raphael"]
[Result "1-0"]
[WhiteElo "2133"]
[BlackElo "1720"]
[PlyCount "51"]
[EventDate "2010.07.??"]
[EventType "swiss"]
[EventRounds "9"]
[EventCountry "FRA"]
[Source "Mark Crowther"]
[SourceDate "2010.08.02"]
[WhiteTeamCountry "FRA"]
[BlackTeamCountry "FRA"]

1. d4 Nf6 2. Bf4 g6 3. e3 Bg7 4. Nf3 d6 5. Be2 c5 6. O-O O-O 7. h3 b6 8. c3 Bb7
9. Nbd2 Kh8 10. Bh2 Nfd7 11. Qb3 e5 12. dxe5 Nxe5 13. Nxe5 dxe5 14. Rad1 Qe7
15. Nc4 Qg5 16. Bg3 Bc6 17. Nd6 Qe7 18. Bc4 Kg8 19. Nxf7 Rxf7 20. Bxf7+ Qxf7
21. Rd8+ Bf8 22. Rfd1 c4 23. Qa3 Nd7 24. R1xd7 Rxd8 25. Rxd8 Qf5 26. Bxe5 1-0